Review of fisheries in OECD countries country statistics 1999-2001

Gespeichert in:
Bibliographische Detailangaben
Format: Buch
Sprache:Englisch
Französisch
Veröffentlicht: Paris OECD 2003
Schlagworte:
Tags: Tag hinzufügen
Keine Tags, Fügen Sie das erste Tag hinzu!

MARC

LEADER 00000nam a2200000 4500
001 0011836
005 20240104115311.0
020 |a 92-64-10205-1 
041 0 |a eng 
041 0 |a fre 
044 |a FR 
245 1 0 |a Review of fisheries in OECD countries  |b country statistics 1999-2001 
264 1 |a Paris  |b OECD  |c 2003 
300 |a 377 s. 
610 2 0 |a rybárstvo 
610 2 0 |a priemysel rybný 
610 2 0 |a rybolov 
610 2 0 |a údaje štatistické 
610 2 0 |a porovnanie štatistické medzinárodné 
610 2 0 |a svet